10 grootste steden Oostenrijk - Statistieken

Algemene statistieken
  • Deze quiz is 71 keer genomen
  • De gemiddelde score is 6 van 10
Antwoordstatistieken
Inwoners Antwoord % Correct
149.018 Salzburg
98%
1.664.146 Wenen
98%
117.693 Innsbruck
85%
247.698 Graz
81%
188.894 Linz
79%
92.397 Klagenfurt
52%
58.480 Villach
46%
51.360 Sankt Pölten
38%
58.623 Wels
15%
44.243 Dornbirn
10%
Geen overeenkomende quizzen gevonden
Scoreverdeling
Procent van Mensen met Elke Score
Percentiel versus Aantal Correcte Antwoorden
Uw Scoregeschiedenis
U heeft deze quiz nog niet genomen